Plus grandes villes d'Aquitaine - Statistiques

Statistiques générales
  • Ce quiz a été pris 135 fois
  • Le résultat moyen est 10 sur 15
Statistiques - réponses
Département Ville % Correct
Gironde Bordeaux
100%
Pyrénées Atlantiques Pau
97%
Pyrénées Atlantiques Bayonne
92%
Pyrénées Atlantiques Biarritz
90%
Landes Mont-de-Marsan
85%
Dordogne Périgueux
84%
Lot-et-Garonne Agen
82%
Dordogne Bergerac
64%
Gironde Pessac
64%
Gironde Mérignac
63%
Gironde Talence
55%
Pyrénées Atlantiques Anglet
54%
Gironde Villenave-d'Ornon
27%
Gironde Gradignan
22%
Gironde Saint-Médard-en-Jalles
16%
Aucun quiz correspondant
Distribution des résultats
% des personnes avec chaque résultat
Percentile par nombre de réponses
Votre historique - résultats
Vous n’avez pas pris ce quiz